000 01359nam a2200373 i 4500
001 97898
003 FINmELB
005 20241217172718.0
006 m o u
007 cr cn|||||||||
008 230921s2021 sp ob 000 0 spa d
020 _z9788413522746
020 _a9788413523156
_q(e-book)
035 _a(OCoLC)1399429514
040 _aFINmELB
_bspa
_erda
_cFINmELB
050 1 4 _aQA273
_bF365 2021
080 _a519.2
082 0 4 _a519.2
_223
100 1 _aFernández Fernández, Santiago,
_eautor.
245 1 0 _aAzar y probabilidad en matemáticas /
_cSantiago Fernández Fernández.
264 1 _aMadrid :
_bLos libros de la Catarata,
_c2021.
300 _a1 recurso en línea (149 páginas)
336 _atexto
_btxt
_2rdamedia/spa
337 _acomputadora
_bc
_2rdamedia/spa
338 _arecurso en línea
_bcr
_2rdacarrier/spa
504 _aContiene bibliografía.
588 _aDescripción basada en metadatos suministrados por el editor y otras fuentes.
590 _aRecurso electrónico. Santa Fe, Arg.: elibro, 2023. Disponible vía World Wide Web. El acceso puede estar limitado para las bibliotecas afiliadas a elibro.
650 4 _aProbabilidades.
650 4 _aAzar.
655 4 _aLibros electrónicos.
797 2 _aelibro, Corp.
856 4 0 _uhttps://elibro.net/ereader/politecnicointernacional/233481
999 _c97898
_d97898